Statistics for Mobile Legends: Items

Click here to take the quiz!

General Stats

  • This quiz has been taken 43 times
    (39 since last reset)
  • The average score is 14 of 91

Answer Stats

Answer% Correct
Blade of Despair
63%
Clock of Destiny
44%
Immortality
41%
Rock Potion
41%
Athena Shield
37%
Magic Potion
37%
Malefic Roar
37%
Blade Armor
33%
Dagger
33%
Endless Battle
33%
Hunter Strike
33%
Rapid Boots
33%
Wind of Nature
33%
Windtalker
33%
Blood Wings
30%
Boots
30%
Dominance Ice
30%
Glowing Wand
30%
Ice Queen Wand
30%
Tough Boots
30%
War Axe
30%
Warrior Boots
30%
Bloodlust Axe
26%
Genius Wand
26%
Haas Claws
26%
Magic Shoes
26%
Power Potion
26%
Radiant Armor
26%
Swift Boots
26%
Winter Truncheon
26%
Enchanted Talisman
22%
Golden Staff
22%
Guardian Helmet
22%
Holy Crystal
22%
Lightning Truncheon
22%
Necklace of Durance
22%
Oracle
22%
Twilight Armor
22%
Demon Shoes
19%
Divine Glaive
19%
Feather of Heaven
19%
Fleeting Time
19%
Antique Cuirass
15%
Arcane Boots
15%
Cursed Helmet
15%
Thunder Belt
15%
Concentrated Energy
11%
Fury Hammer
11%
Magic Blade
11%
Magic Wand
11%
Queen Wings
11%
Blade of the Heptaseas
7%
Corosion Scythe
7%
Knife
7%
Sea Helberd
7%
Allow Throw
4%
Ares Belt
4%
Brute Force Breastplate
4%
Elegant Gem
4%
Iron Hunting Bow
4%
Javelin
4%
Legion Sword
4%
Magic Necklace
4%
Molten Essence
4%
Ogre Tomahawk
4%
Regular Spear
4%
Rogue Meteor
4%
Rose Gold Meteors
4%
Starlium Scythe
4%
Swift Crossbow
4%
Throw Forbidden
4%
Vampire Mallet
4%
Axure Blade
0%
Black Ice Shield
0%
Book of Sages
0%
Broken Heart
0%
Demon Hunter Strike
0%
Dreadnaugth Armor
0%
Exotic Veil
0%
Healing Necklace
0%
Hero Ring
0%
Leather Jerkin
0%
Magic Resist Cloak
0%
Mystery Codex
0%
Mystic Container
0%
Power Crystal
0%
Scralet Phantom
0%
Silence Robe
0%
Steel Legplates
0%
Tome of Evil
0%
Vitality Crystal
0%

Score Distribution

Percentile by Number Answered

Percent of People with Each Score

Your Score History

You have not taken this quiz since the last reset